Movies Quiz

Random Movies Quiz

Movie Mentors Quiz Stats

Quiz Updated Apr 5, 2013

Challenge
Share
Tweet
Score 0/20 Timer 05:00
4 Plays Today
Picture Answer % Correct
Yoda
94.2%
Gandalf (The Grey/White)
84.7%
Albus Dumbledore
78.7%
Charles Xavier
76.1%
Morpheus
53.3%
Tyler Durden
51%
Mr. Miyagi
49.5%
Gordon Gekko
39.6%
Patches O'Houlihan
32.3%
Chubbs Peterson
26.7%
Picture Answer % Correct
Henri Ducard
25%
Mickey Goldmill
20.8%
Don Diego De La Vega
15.6%
Henry Higgins
14%
Fast Eddie Felson
10.4%
Pai Mei
8.7%
Whistler
6.8%
Jim Malone
5.2%
Juan Sanches Villa Lobos Ramirez
4.5%
Frankie Dunn
4.4%

You're not logged in!

Compare scores with friends on all Sporcle quizzes.
Sign Up with Email
OR
Log In

You Might Also Like...

Show Comments

Extras

Top Quizzes Today


Score Distribution

Your Account Isn't Verified!

In order to create a playlist on Sporcle, you need to verify the email address you used during registration. Go to your Sporcle Settings to finish the process.